00567nam a22001937a 450000500170000001000230001702000270004003500140006703500170008103500130009803700250011103700180013608200080015410000180016224500540018026000360023427000830027030000200035320170512103415.0 a1617EN ENG-116989 a9789381950333c1595.00 aEN-100521 aB-647585-596 aB-667788 bLitereri CircleaDPL bDBAD/PUBaDPL a423 aKhandelwal, N aEnglish Synonyms and Antonyms /cby N. Khandelwal aJaipurbSankalp Prakashanc2015 a467, Badayon ka Chowk, Govind Rao ji ka Rasta, Chandople BazarbJaipure302001 a336p.c22cm(Hb)